Biblioteca

Cultura Mainstream : (Registro nro. 65269)

Detalles MARC
000 -LÍDER
Campo fijo de descripción fija 01878nam a2200349 i 4500
001 - NÚMERO DE CONTROL
Campo de control 768714001
003 - IDENTIFICADOR DEL NÚMERO DE CONTROL
Campo de control CO-MdFUSB
005 - FECHA Y HORA DE LA ULTIMA TRANSACCIÓN
control field 20191023095303.0
008 - ELEMENTOS DE LONGITUD FIJA -- INFORMACIÓN GENERAL
Campo fijo de descripción fija -- Información general 190930t2011 mx |||| |||| 00| 0 spa d
020 ## - NÚMERO INTERNACIONAL NORMALIZADO PARA LIBROS
Número Internacional Normalizado del libro 9786071110756
040 ## - FUENTE DE CATALOGACIÓN
Agencia de catalogación original CO-MdFUSB
Idioma de catalogación spa
Agencia que realiza la transcripción CO-MdFUSB
Agencia que realiza la modificación CO-MdFUSBC
Convenciones de la descripción rda
041 ## - CÓDIGO DE IDIOMA
Código de idioma para texto/pista de sonido o título separado spa
Código de idioma original fre
082 ## - NÚMERO DE CLASIFICACIÓN DECIMAL DEWEY
Número de la edición del Dewey 23
Número de clasificación 307.76
Clave de autor-Numero de item M376c
100 ## - ASIENTO PRINCIPAL--NOMBRE PERSONAL
Nombre personal Martel, Frédéric.
Término relacionador autor
245 1# - TÍTULO
Título del Material Cultura Mainstream :
Parte restante del título - Subtitulo Cómo nacen los fenómenos de masas.
Mención de responsabilidad, etc. / Frédéric Martel ; traducido por Núria Petit Fontseré
264 #1 - PRODUCCIÓN, PUBLICACIÓN, DISTRIBUCIÓN, MANUFACTURA, Y COPYRIGHT
Lugar de producción, publicación, distribución, manufactura México :
Nombre del productor, publicador, distribuidor Taurus,
Fecha de producción, publicación, distribución, manufactura, o copyright [2011]
264 #4 - PRODUCCIÓN, PUBLICACIÓN, DISTRIBUCIÓN, MANUFACTURA, Y COPYRIGHT
Fecha de producción, publicación, distribución, manufactura, o copyright © 2011
300 ## - DESCRIPCIÓN FÍSICA
Extensión 458 páginas
Dimensiones ; 24 cm
336 ## - TIPO DE CONTENIDO
Fuente rdacontent
Término de tipo de contenido texto
Código de tipo de contenido txt
337 ## - TIPO DE MEDIO
Fuente rdamedia
Nombre del tipo de medio sin mediación
Código del tipo de medio n
338 ## - TIPO DE SOPORTE
Fuente rdacarrier
Nombre del tipo de soporte volumen
Código Tipo de soporte nc
490 ## - MENCIÓN DE SERIE
Mención de serie Pensamiento
505 ## - NOTA DE CONTENIDO
Nota de contenido con formato preestablecido El entertaiment Estadounidense: Jack Valenti o el Lobby de Holliwood. --Multicines. -- El estudio: Disney. -- El nuevo Holliwood. -- Todos Indies, incluido Indiana Jones. -- La invención de la música pop. -- Pauline, Tina y Oprah. -- USC, la universidad del Mainstream. -- La guerra cultural mundial. -- Kung Fu Panda: China frente a Holliwood. -- De cómo Bollywood parte a la conquista del mundo . -- Lost in translation. -- Geopolítica de los dramas. culebrones del ramadán y otras telenovelas. -- Miami, la capital pop de América Latina. -- De cómo AL Yazira se ha convertido en la cadena Mainstream del mundo árabe. -- El príncipe de los medios en el desierto. -- La cultura anti mainstream europea. -- Conclusión: Una nueva geopolítica de la cultura y la información en la era digital.
563 ## - NOTA DE ENCUADERNACIÓN
Nota de encuadernación Rústico
650 #0 - ASIENTO SECUNDARIO DE MATERIA - TERMINO TEMÁTICO
Fuente del encabezamiento o término sears
9 (RLIN) 5
Término temático o nombre geográfico como elemento de entrada Sociología de la cultura
653 ## - TÉRMINO DE INDIZACIÓN - NO CONTROLADO
Término no controlado Medios de comunicación de masas
653 ## - TÉRMINO DE INDIZACIÓN - NO CONTROLADO
Término no controlado Cultura popular.
653 ## - TÉRMINO DE INDIZACIÓN - NO CONTROLADO
Término no controlado Cultura de masas.
700 ## - ASIENTO SECUNDARIO - NOMBRE PERSONAL
9 (RLIN) 2587
Nombre personal Petit Fontserè, Núria.
Responsabilidad traductor
942 ## - TIPO DE MATERIAL (KOHA)
Tipo de Item KOHA Libros General
945 ## - INFORMACIÓN LOCAL DEL REGISTRO
Catalogador JTF-925
Existencias
Estado de Material Estado de Perdido Forma de Clasificación Estado de Dañado No para Préstamo Colección Biblioteca de Origen Biblioteca Permanente Fecha de Adquisición Área Total de Préstamos Signatura Topográfica Código de Barras Última vez visto Ejemplar/Existencia Fecha de Remplazo Tipo de Material
    Dewey Decimal Classification     Colección General Biblioteca FUSBC Biblioteca FUSBC 30/09/2019 SOCIOLOGIA   G 307.76 M376c 13320 12/12/2019 Ej. 1 30/09/2019 Libros General

Biblioteca FUSBC | Teléfono: (57+4) 349 88 10 Ext. 141| WhatsApp (+57) 3005338115 
E-mail: biblioteca@unisbc.edu.co | Calle 76 87-14 Robledo Palenque, Medellín, Colombia

Con tecnología Koha